{"text_format":"3","workbook":"xlsx","n_sheets":1,"sheets":["t641"],"read":"whole","date_system":"1900"}

{"sheet":"t641","index":0,"n_rows":160,"n_cols":7,"rows_kept":160,"merged":[[0,0,0,6],[30,0,30,5],[46,0,46,5],[141,0,141,5]]}
["TABELA 641.1 - Estatísticas Agrícolas, Município de Trabiju, Estado de São Paulo, 2007/08."]
["ITEM","UNIDADE","N.DE UPAs","MÍNIMO","MÉDIO","MÁXIMO","TOTAL"]
["Distância à sede do município","km",61,0.1,{"v":5.52,"d":"5.5"},{"v":15,"d":"15.0"},"-"]
["Área total","hectare",61,1.2,{"v":98.14,"d":"98.1"},610.2,{"v":5986.5,"d":"5,986.5"}]
["Área com cultura perene","hectare",8,0.4,{"v":59.81,"d":"59.8"},399.7,478.5]
["Área com cultura temporária","hectare",48,0.9,70.3,401.7,{"v":3374.2,"d":"3,374.2"}]
["Área com pastagem","hectare",53,{"v":1,"d":"1.0"},{"v":20.43,"d":"20.4"},186.3,{"v":1082.6,"d":"1,082.6"}]
["Área com reflorestamento","hectare",3,0.5,{"v":1.27,"d":"1.3"},{"v":2,"d":"2.0"},3.8]
["Área com vegetação natural","hectare",34,{"v":1,"d":"1.0"},{"v":23.65,"d":"23.7"},111.2,{"v":804,"d":"804.0"}]
["Área com vegetação de brejo e várzea","hectare","-","-","-","-",{"v":0,"d":"0.0"}]
["Área em descanso","hectare",5,{"v":2,"d":"2.0"},{"v":7.04,"d":"7.0"},{"v":23,"d":"23.0"},35.2]
["Área complementar","hectare",58,0.2,{"v":3.59,"d":"3.6"},48.4,208.2]
["Área das UPAs com (0, 1] ha","hectare","-","-","-","-","-"]
["Área das UPAs com (1, 2] ha","hectare",2,1.2,1.6,{"v":2,"d":"2.0"},3.2]
["Área das UPAs com (2, 5] ha","hectare",3,3.6,{"v":3.73,"d":"3.7"},{"v":4,"d":"4.0"},11.2]
["Área das UPAs com (5, 10] ha","hectare",6,{"v":6,"d":"6.0"},{"v":6.57,"d":"6.6"},7.7,39.4]
["Área das UPAs com (10, 20] ha","hectare",5,10.1,{"v":13.46,"d":"13.5"},16.9,67.3]
["Área das UPAs com (20, 50] ha","hectare",15,22.9,{"v":32.99,"d":"33.0"},48.8,494.8]
["Área das UPAs com (50, 100] ha","hectare",10,50.8,72.7,91.9,{"v":727,"d":"727.0"}]
["Área das UPAs com (100, 200] ha","hectare",12,{"v":108,"d":"108.0"},{"v":129.03,"d":"129.0"},155.4,{"v":1548.4,"d":"1,548.4"}]
["Área das UPAs com (200, 500] ha","hectare",7,210.5,{"v":355,"d":"355.0"},{"v":498,"d":"498.0"},{"v":2485,"d":"2,485.0"}]
["Área das UPAs com (500, 1.000] ha","hectare",1,610.2,610.2,610.2,610.2]
["Área das UPAs com (1.000, 2.000] ha","hectare","-","-","-","-","-"]
["Área das UPAs com (2.000, 5.000] ha","hectare","-","-","-","-","-"]
["Área das UPAs com (5.000, 10.000] ha","hectare","-","-","-","-","-"]
["Área das UPAs acima de 10.000 ha","hectare","-","-","-","-","-"]
["Familiares do proprietário que trabalham na UPA","unidade",39,{"v":1,"d":"1.0"},{"v":1.79,"d":"1.8"},{"v":8,"d":"8.0"},{"v":70,"d":"70.0"}]
["Trabalhadores permanentes","unidade",34,{"v":1,"d":"1.0"},{"v":2.65,"d":"2.7"},{"v":34,"d":"34.0"},{"v":90,"d":"90.0"}]
["Fonte: Secretaria de Agricultura e Abastecimento, CDRS/IEA, Projeto LUPA."]
[]
["TABELA 641.2 - Explorações Animais, Município de Trabiju, Estado de São Paulo, 2007/08."]
["ITEM","UNIDADE","N.DE UPAs","MÍNIMO","MÉDIO","MÁXIMO","TOTAL"]
["Apicultura","colmeias",1,{"v":400,"d":"400.0"},{"v":400,"d":"400.0"},{"v":400,"d":"400.0"},{"v":400,"d":"400.0"}]
["Asininos E Muares","cabeças",2,{"v":1,"d":"1.0"},{"v":1,"d":"1.0"},{"v":1,"d":"1.0"},{"v":2,"d":"2.0"}]
["Avicultura de Corte","cabeças/ano",1,{"v":75000,"d":"75,000.0"},{"v":75000,"d":"75,000.0"},{"v":75000,"d":"75,000.0"},{"v":75000,"d":"75,000.0"}]
["Avicultura Ornamental/Decorativa/Exótica","cabeças",1,{"v":35,"d":"35.0"},{"v":35,"d":"35.0"},{"v":35,"d":"35.0"},{"v":35,"d":"35.0"}]
["Avicultura para Ovos","cabeças",9,{"v":6,"d":"6.0"},{"v":6263.67,"d":"6,263.7"},{"v":56000,"d":"56,000.0"},{"v":56373,"d":"56,373.0"}]
["Bovinocultura de Corte","cabeças",13,{"v":1,"d":"1.0"},{"v":51.62,"d":"51.6"},{"v":217,"d":"217.0"},{"v":671,"d":"671.0"}]
["Bovinocultura Leiteira","cabeças",12,{"v":8,"d":"8.0"},{"v":25.83,"d":"25.8"},{"v":50,"d":"50.0"},{"v":310,"d":"310.0"}]
["Bovinocultura Mista","cabeças",20,{"v":6,"d":"6.0"},{"v":26.75,"d":"26.8"},{"v":65,"d":"65.0"},{"v":535,"d":"535.0"}]
["Equinocultura","cabeças",27,{"v":1,"d":"1.0"},{"v":4.81,"d":"4.8"},{"v":16,"d":"16.0"},{"v":130,"d":"130.0"}]
["Ovinocultura","cabeças",5,{"v":5,"d":"5.0"},{"v":21,"d":"21.0"},{"v":70,"d":"70.0"},{"v":105,"d":"105.0"}]
["Piscicultura","m² tanques",2,{"v":18000,"d":"18,000.0"},{"v":26850,"d":"26,850.0"},{"v":35700,"d":"35,700.0"},{"v":53700,"d":"53,700.0"}]
["Suinocultura","cabeças",14,{"v":1,"d":"1.0"},{"v":17.79,"d":"17.8"},{"v":120,"d":"120.0"},{"v":249,"d":"249.0"}]
["Fonte: Secretaria de Agricultura e Abastecimento, CDRS/IEA, Projeto LUPA."]
[]
["TABELA 641.3 -  Máquinas, Implementos e Benfeitorias, Município de Trabiju, Estado de São Paulo, 2007/08."]
["ITEM","UNIDADE","N.DE UPAs","MÍNIMO","MÉDIO","MÁXIMO","TOTAL"]
["Arado Comum (Bacia, Aiveca)","Unidade",17,{"v":1,"d":"1.0"},{"v":1.12,"d":"1.1"},{"v":2,"d":"2.0"},{"v":19,"d":"19.0"}]
["Arado Escarificador","Unidade",2,{"v":1,"d":"1.0"},1.5,{"v":2,"d":"2.0"},{"v":3,"d":"3.0"}]
["Arado Subsolador","Unidade",7,{"v":1,"d":"1.0"},{"v":1.29,"d":"1.3"},{"v":2,"d":"2.0"},{"v":9,"d":"9.0"}]
["Batedeira de Cereais","Unidade",2,{"v":1,"d":"1.0"},{"v":1,"d":"1.0"},{"v":1,"d":"1.0"},{"v":2,"d":"2.0"}]
["Carregadeira de Cana","Unidade",1,{"v":1,"d":"1.0"},{"v":1,"d":"1.0"},{"v":1,"d":"1.0"},{"v":1,"d":"1.0"}]
["Colhedeira Acoplada","Unidade",2,{"v":1,"d":"1.0"},{"v":1,"d":"1.0"},{"v":1,"d":"1.0"},{"v":2,"d":"2.0"}]
["Conj.Irrigação Autopropelido","Unidade",1,{"v":2,"d":"2.0"},{"v":2,"d":"2.0"},{"v":2,"d":"2.0"},{"v":2,"d":"2.0"}]
["Conj.Irrigação/Gotejamento/Microaspersão","Unidade",1,{"v":1,"d":"1.0"},{"v":1,"d":"1.0"},{"v":1,"d":"1.0"},{"v":1,"d":"1.0"}]
["Desintegrador, Picador, Triturador","Unidade",34,{"v":1,"d":"1.0"},{"v":1.09,"d":"1.1"},{"v":2,"d":"2.0"},{"v":37,"d":"37.0"}]
["Distribuidor de Calcário","Unidade",5,{"v":1,"d":"1.0"},1.4,{"v":2,"d":"2.0"},{"v":7,"d":"7.0"}]
["Ensiladeira","Unidade",4,{"v":1,"d":"1.0"},{"v":1.25,"d":"1.3"},{"v":2,"d":"2.0"},{"v":5,"d":"5.0"}]
["Grade Aradora (Tipo Romi)","Unidade",4,{"v":1,"d":"1.0"},{"v":1,"d":"1.0"},{"v":1,"d":"1.0"},{"v":4,"d":"4.0"}]
["Grade Niveladora","Unidade",10,{"v":1,"d":"1.0"},{"v":1,"d":"1.0"},{"v":1,"d":"1.0"},{"v":10,"d":"10.0"}]
["Implementos para Tração Animal","Unidade",7,{"v":1,"d":"1.0"},{"v":1.29,"d":"1.3"},{"v":2,"d":"2.0"},{"v":9,"d":"9.0"}]
["Microtrator","Unidade",1,{"v":1,"d":"1.0"},{"v":1,"d":"1.0"},{"v":1,"d":"1.0"},{"v":1,"d":"1.0"}]
["Misturador de Ração","Unidade",3,{"v":1,"d":"1.0"},{"v":1,"d":"1.0"},{"v":1,"d":"1.0"},{"v":3,"d":"3.0"}]
["Ordenhadeira Mecânica","Unidade",7,{"v":1,"d":"1.0"},{"v":1.43,"d":"1.4"},{"v":3,"d":"3.0"},{"v":10,"d":"10.0"}]
["Pulverizador Tratorizado","Unidade",3,{"v":1,"d":"1.0"},{"v":1,"d":"1.0"},{"v":1,"d":"1.0"},{"v":3,"d":"3.0"}]
["Resfriador de Leite, Tanque Expansão","Unidade",8,{"v":1,"d":"1.0"},{"v":1,"d":"1.0"},{"v":1,"d":"1.0"},{"v":8,"d":"8.0"}]
["Semeadeira/Adubadeira para Plantio Convencional","Unidade",5,{"v":1,"d":"1.0"},1.2,{"v":2,"d":"2.0"},{"v":6,"d":"6.0"}]
["Semeadeira/Plantadeira Plantio Direto","Unidade",2,{"v":1,"d":"1.0"},{"v":1,"d":"1.0"},{"v":1,"d":"1.0"},{"v":2,"d":"2.0"}]
["Trator de Pneus","Unidade",32,{"v":1,"d":"1.0"},{"v":1.28,"d":"1.3"},{"v":3,"d":"3.0"},{"v":41,"d":"41.0"}]
["Açude/Represa","Unidade",19,{"v":1,"d":"1.0"},{"v":1.79,"d":"1.8"},{"v":5,"d":"5.0"},{"v":34,"d":"34.0"}]
["Almoxarifado/Oficina","Unidade",11,{"v":1,"d":"1.0"},{"v":1.09,"d":"1.1"},{"v":2,"d":"2.0"},{"v":12,"d":"12.0"}]
["Armazém para Grãos Ensacados","Sacas",9,{"v":1,"d":"1.0"},{"v":1,"d":"1.0"},{"v":1,"d":"1.0"},{"v":9,"d":"9.0"}]
["Balança para Bovinos","Unidade",1,{"v":1,"d":"1.0"},{"v":1,"d":"1.0"},{"v":1,"d":"1.0"},{"v":1,"d":"1.0"}]
["Barracão para Granja/Avicultura","Unidade",6,{"v":1,"d":"1.0"},{"v":2.17,"d":"2.2"},{"v":8,"d":"8.0"},{"v":13,"d":"13.0"}]
["Barracão/Galpão/Garagem","Unidade",34,{"v":1,"d":"1.0"},{"v":1.35,"d":"1.4"},{"v":3,"d":"3.0"},{"v":46,"d":"46.0"}]
["Biodigestor","Unidade",1,{"v":1,"d":"1.0"},{"v":1,"d":"1.0"},{"v":1,"d":"1.0"},{"v":1,"d":"1.0"}]
["Casa de Moradia Habitada","Unidade",41,{"v":1,"d":"1.0"},{"v":1.49,"d":"1.5"},{"v":5,"d":"5.0"},{"v":61,"d":"61.0"}]
["Casa de Moradia Total","Unidade",35,{"v":1,"d":"1.0"},{"v":2.51,"d":"2.5"},{"v":7,"d":"7.0"},{"v":88,"d":"88.0"}]
["Curral/Mangueira","Unidade",42,{"v":1,"d":"1.0"},{"v":1.07,"d":"1.1"},{"v":2,"d":"2.0"},{"v":45,"d":"45.0"}]
["Depósito/Tulha","Unidade",14,{"v":1,"d":"1.0"},{"v":1,"d":"1.0"},{"v":1,"d":"1.0"},{"v":14,"d":"14.0"}]
["Engenho","Unidade",1,{"v":1,"d":"1.0"},{"v":1,"d":"1.0"},{"v":1,"d":"1.0"},{"v":1,"d":"1.0"}]
["Estábulo","Unidade",24,{"v":1,"d":"1.0"},{"v":1,"d":"1.0"},{"v":1,"d":"1.0"},{"v":24,"d":"24.0"}]
["Instalações para Equinos","Unidade",1,{"v":9,"d":"9.0"},{"v":9,"d":"9.0"},{"v":9,"d":"9.0"},{"v":9,"d":"9.0"}]
["Pocilga","Unidade",12,{"v":1,"d":"1.0"},{"v":1,"d":"1.0"},{"v":1,"d":"1.0"},{"v":12,"d":"12.0"}]
["Poço Semi-Artesiano","Unidade",9,{"v":1,"d":"1.0"},{"v":1.11,"d":"1.1"},{"v":2,"d":"2.0"},{"v":10,"d":"10.0"}]
["Secador de Grãos","Unidade",1,{"v":1,"d":"1.0"},{"v":1,"d":"1.0"},{"v":1,"d":"1.0"},{"v":1,"d":"1.0"}]
["Silo para Grãos","t",1,{"v":6,"d":"6.0"},{"v":6,"d":"6.0"},{"v":6,"d":"6.0"},{"v":6,"d":"6.0"}]
["Silo para Silagem","t",3,{"v":10,"d":"10.0"},{"v":320,"d":"320.0"},{"v":900,"d":"900.0"},{"v":960,"d":"960.0"}]
["Terreiro","m²",4,{"v":300,"d":"300.0"},{"v":775,"d":"775.0"},{"v":2000,"d":"2,000.0"},{"v":3100,"d":"3,100.0"}]
["Fonte: Secretaria de Agricultura e Abastecimento, CDRS/IEA, Projeto LUPA."]
[]
["TABELA 641.4 - Outras Estatísticas Agrícolas, Município de Trabiju, Estado de São Paulo, 2007/08."]
["ITEM","Número de UPAs",null,"Percentual"]
["Faz Parte de Associação de Produtores",38,null,{"v":62.29508196721311,"d":"62.3"}]
["Faz Parte de Cooperativa de Produtores",37,null,{"v":60.65573770491803,"d":"60.7"}]
["Faz Parte do Sindicato de Produtores",7,null,{"v":11.475409836065573,"d":"11.5"}]
["Não utiliza assistência técnica ",15,null,{"v":24.59016393442623,"d":"24.6"}]
["Utiliza somente assistência técnica governamental ",8,null,{"v":13.114754098360656,"d":"13.1"}]
["Utiliza somente assistência técnica privada ",33,null,{"v":54.09836065573771,"d":"54.1"}]
["Utiliza assistência técnica tanto governamental quanto privada",5,null,{"v":8.19672131147541,"d":"8.2"}]
["Utiliza Crédito Rural",2,null,{"v":3.278688524590164,"d":"3.3"}]
["Utiliza Seguro Rural","-",null,"-"]
["Utiliza Escrituração Agrícola",35,null,{"v":57.377049180327866,"d":"57.4"}]
["Acessa Internet p/ Fins na Agropecuária",8,null,{"v":13.114754098360654,"d":"13.1"}]
["Utiliza Computador nas Atividades Agropecuárias","-",null,"-"]
["Utiliza Energia Elétrica Para Uso na Atividade Agrícola",37,null,{"v":60.65573770491803,"d":"60.7"}]
["Realiza Análise de Solo, quando necessário",2,null,{"v":3.278688524590164,"d":"3.3"}]
["Utiliza Práticas de Conservação de Solo, quando necessário",50,null,{"v":81.96721311475409,"d":"82.0"}]
["Faz Adubação Mineral, quando necessário",29,null,{"v":47.54098360655737,"d":"47.5"}]
["Faz Adubação Orgânica, quando necessário",17,null,{"v":27.868852459016395,"d":"27.9"}]
["Faz Adubação Verde, quando necessário",3,null,{"v":4.918032786885246,"d":"4.9"}]
["Utiliza Manejo Integrado de Pragas (MIP)","-",null,"-"]
["Utiliza Hidroponia","-",null,"-"]
["Utiliza Plasticultura","-",null,"-"]
["Utiliza Mudas Fiscalizadas",5,null,{"v":8.19672131147541,"d":"8.2"}]
["Utiliza Semente Melhorada",24,null,{"v":39.34426229508197,"d":"39.3"}]
["Faz Confinamento de Bovinos",2,null,{"v":3.278688524590164,"d":"3.3"}]
["Utiliza Pastejo Intensivo",10,null,{"v":16.39344262295082,"d":"16.4"}]
["Faz Inseminação Artificial",1,null,{"v":1.639344262295082,"d":"1.6"}]
["Faz Mineralização do Rebanho",44,null,{"v":72.1311475409836,"d":"72.1"}]
["Faz Vermifugação do Rebanho",46,null,{"v":75.40983606557377,"d":"75.4"}]
["Possui Parceiros /Arrendatários na Exploração Animal",14,null,{"v":22.950819672131146,"d":"23.0"}]
["Esporte e lazer",3,null,{"v":4.918032786885246,"d":"4.9"}]
["Extração mineral","-",null,"-"]
["Hotel Fazenda, Pousada ou SPA","-",null,"-"]
["Pesque-pague","-",null,"-"]
["Restaurante ou Lanchonete","-",null,"-"]
["Transformação artesanal","-",null,"-"]
["Turismo rural ou ecoturismo","-",null,"-"]
["Outras atividades econômicas rurais","-",null,"-"]
["Agroindústria","-",null,"-"]
["Proprietário sem instrução ou com instrução incompleta","-",null,"-"]
["Proprietário com antigo primário completo",28,null,{"v":45.90163934426229,"d":"45.9"}]
["Proprietário com 1° grau (ou antigo ginasial) completo",5,null,{"v":8.19672131147541,"d":"8.2"}]
["Proprietário com 2° grau (ou antigo colegial) completo",8,null,{"v":13.114754098360654,"d":"13.1"}]
["Proprietário com curso superior completo ",19,null,{"v":31.147540983606554,"d":"31.1"}]
["Pessoa Jurídica",1,null,{"v":1.639344262295082,"d":"1.6"}]
["Proprietário residente na própria UPA ",11,null,{"v":18.0327868852459,"d":"18.0"}]
["Fonte: Secretaria de Agricultura e Abastecimento, CDRS/IEA, Projeto LUPA."]
[]
["TABELA 641.5 - Área Cultivada, Município de Trabiju, Estado de São Paulo, 2007/08."]
["CULTURA","N.DE UPAs","MÍNIMO","MÉDIO","MÁXIMO","TOTAL"]
["Cana-de-acucar",45,0.5,74.4,401.7,{"v":3348.1,"d":"3,348.1"}]
["Braquiaria",43,1.5,{"v":22.51,"d":"22.5"},186.3,{"v":968,"d":"968.0"}]
["Laranja",2,{"v":25,"d":"25.0"},{"v":110.95,"d":"111.0"},196.9,221.9]
["Tangelo",1,135.5,135.5,135.5,135.5]
["Gramas",13,1.2,{"v":7.32,"d":"7.3"},{"v":30,"d":"30.0"},95.2]
["Tangerina",1,66.3,66.3,66.3,66.3]
["Cafe",5,0.4,{"v":5.56,"d":"5.6"},14.5,27.8]
["Seringueira",1,{"v":26,"d":"26.0"},{"v":26,"d":"26.0"},{"v":26,"d":"26.0"},{"v":26,"d":"26.0"}]
["Coloniao",2,{"v":5,"d":"5.0"},7.5,{"v":10,"d":"10.0"},{"v":15,"d":"15.0"}]
["Milho",2,2.4,{"v":7.25,"d":"7.3"},12.1,14.5]
["Feijao",1,4.8,4.8,4.8,4.8]
["Arroz",1,4.8,4.8,4.8,4.8]
["Capim-napier (ou capim-elefante)",3,{"v":1,"d":"1.0"},{"v":1.47,"d":"1.5"},2.4,4.4]
["Eucalipto",3,0.5,{"v":1.27,"d":"1.3"},{"v":2,"d":"2.0"},3.8]
["Sorgo",1,{"v":2,"d":"2.0"},{"v":2,"d":"2.0"},{"v":2,"d":"2.0"},{"v":2,"d":"2.0"}]
["Abacate",1,{"v":1,"d":"1.0"},{"v":1,"d":"1.0"},{"v":1,"d":"1.0"},{"v":1,"d":"1.0"}]
["Fonte: Secretaria de Agricultura e Abastecimento, CDRS/IEA, Projeto LUPA."]